LEADER 01311nam a2200301 4500 001 000000362982 003 CaOOAMICUS 005 20250605165529.0 008 250528s2024 it 000 u ita r 020 $a978-88-211-1502-8 040 $aSeMil$bita 100 1 $aDossetti, Giuseppe,$d<1913-1996>.$0(OLS)http://semarc/name/2981 245 10$aMonte Sole 1944 :$bun eccidio totale /$cGiuseppe Dossetti ; postfazione di Enrico Galavotti. 264 1$a[Bologna] :$bMarietti 1820,$c2024. 300 $a113 p. ;$c21 cm 490 1 $aLe bussole 650 4$aEccidio di Monte Sole-Marzabotto <1944>.$0(OLS)http://semarc/subject/29495 650 4$aGuerra mondiale <1939-1945> - Diari e memorie.$0(OLS)http://semarc/subject/2759 700 1 $aGalavotti, Enrico,$d<1971- >.$0(OLS)http://semarc/name/2247 830 3$aLe bussole.$0(OLS)http://semarc/title/13660 850 $aSeMil 852 $aSeMil$W1$xVenegono$y1$m3V I 151$j257921$B253858$CSeMilBibl$Z2$F253858 $81 941 1 $a7 961 $aOmaggio mons. Mario Delpini 996 $6020$a978-88-211-1502-8$9(OLS)http://semarc/number/303247 996 $6245$aMonte Sole 1944 :$bun eccidio totale$9(OLS)http://semarc/title/454003 996 $6264$a[Bologna] :$bMarietti 1820$9(OLS)http://semarc/publisher/60638 LEADER 01039nas a2200253 i 4500 001 000000234537 003 CaOOAMICUS 005 20141016000000.0 008 141016b2010 it uu u0 0ita r 013 $a213440 020 $a978-884281634-8 040 $aSeMil$bita 245 10$aWeb 2.0. Un nuovo racconto e i suoi dispositivi /$ca cura di Carlo Formenti. 260 $aMilano :$bIl Saggiatore,$c2010. 300 $a205 p. ;$c23 cm. 500 $aTitolo principale e formulazione di responsabilità dalla copertina. 700 1 $aFormenti, Carlo <1947- >.$0(OLS)http://semarc/name/93963 774 0 $t[vedi periodico].$w()281986 850 $aSeMil 852 $aSeMil$W1$xVenegono$y1$m165 4 34$j184883$B184883$CSeMilBibl$Z2$F195829 $85 961 $aAcquisto: Il Saggiatore 996 $6020$a978-884281634-8$9(OLS)http://semarc/number/238786 996 $6245$aWeb 2.0. Un nuovo racconto e i suoi dispositivi$9(OLS)http://semarc/title/334692 996 $6260$aMilano :$bIl Saggiatore$9(OLS)http://semarc/publisher/30255